<?xml version='1.0' encoding='UTF-8'?>
  <record xmlns="http://www.loc.gov/MARC21/slim">
    <leader>00000cam a22000007i 4500</leader>
    <controlfield tag="001">ocm65793601</controlfield>
    <controlfield tag="003">OCoLC</controlfield>
    <controlfield tag="005">20240620042910.4</controlfield>
    <controlfield tag="008">920724s1876    ne            000 0 dut d</controlfield>
    <datafield tag="040" ind1=" " ind2=" ">
      <subfield code="a">NLGGC</subfield>
      <subfield code="b">dut</subfield>
      <subfield code="e">fobidrtb</subfield>
      <subfield code="c">NLGGC</subfield>
      <subfield code="d">OCLCO</subfield>
      <subfield code="d">OCLCL</subfield>
      <subfield code="d">OCLCQ</subfield>
    </datafield>
    <datafield tag="029" ind1="0" ind2=" ">
      <subfield code="a">NLGGC</subfield>
      <subfield code="b">096670541</subfield>
    </datafield>
    <datafield tag="035" ind1=" " ind2=" ">
      <subfield code="a">(OCoLC)65793601</subfield>
    </datafield>
    <datafield tag="245" ind1="0" ind2="4">
      <subfield code="a">Het eigendomsrecht der Hervormde gemeenten en bepaaldelijk van de Engelsch-Presbyteriaansche gemeente te Rotterdam op de kerkelijke gebouwen bij haar in bezit en gebruik :</subfield>
      <subfield code="b">stukken, betreffende een besluit te dezer zake van de Algemeene Synode der Nederlandsche Hervormde kerk in het jaar 1876 /</subfield>
      <subfield code="c">[namens den Kerkeraad der Engelsch-Presbyteriaansche gemeente uitg. door J.J. van Toorenenbergen].</subfield>
    </datafield>
    <datafield tag="260" ind1=" " ind2=" ">
      <subfield code="a">Rotterdam :</subfield>
      <subfield code="b">Van Meurs &amp; Stufkens,</subfield>
      <subfield code="c">[1876]</subfield>
    </datafield>
    <datafield tag="300" ind1=" " ind2=" ">
      <subfield code="a">39 p. ;</subfield>
      <subfield code="c">22 cm.</subfield>
    </datafield>
    <datafield tag="336" ind1=" " ind2=" ">
      <subfield code="a">tekst</subfield>
      <subfield code="b">txt</subfield>
      <subfield code="2">rdacontent/dut</subfield>
    </datafield>
    <datafield tag="337" ind1=" " ind2=" ">
      <subfield code="a">zonder medium</subfield>
      <subfield code="b">n</subfield>
      <subfield code="2">rdamedia/dut</subfield>
    </datafield>
    <datafield tag="338" ind1=" " ind2=" ">
      <subfield code="a">band</subfield>
      <subfield code="b">nc</subfield>
      <subfield code="2">rdacarrier/dut</subfield>
    </datafield>
    <datafield tag="530" ind1=" " ind2=" ">
      <subfield code="a">Ook beschikbaar in microvorm.</subfield>
    </datafield>
    <datafield tag="700" ind1="1" ind2=" ">
      <subfield code="a">Toorenenbergen, J.J. van</subfield>
      <subfield code="q">(Johan Justus),</subfield>
      <subfield code="d">1822-1903.</subfield>
      <subfield code="1">https://id.oclc.org/worldcat/entity/E39PBJfxb7DdM6CRWF498tkVYP</subfield>
    </datafield>
    <datafield tag="758" ind1=" " ind2=" ">
      <subfield code="a">Het eigendomsrecht der Hervormde gemeenten en bepaaldelijk van de Engelsch-Presbyteriaansche gemeente te Rotterdam op de kerkelijke gebouwen bij haar in bezit en gebruik (Text)</subfield>
      <subfield code="1">https://id.oclc.org/worldcat/entity/E39PCYKtBkmRr34kWcg89rtmgq</subfield>
      <subfield code="4">https://id.oclc.org/worldcat/ontology/hasWork</subfield>
    </datafield>
    <datafield tag="776" ind1="0" ind2=" ">
      <subfield code="t">Het eigendomsrecht der Hervormde gemeenten en bepaaldelijk van de Engelsch-Presbyteriaansche gemeente te Rotterdam op de kerkelijke gebouwen bij haar in bezit en gebruik</subfield>
      <subfield code="w">(NL-LeOCL)409250430</subfield>
    </datafield>
    <datafield tag="776" ind1="0" ind2=" ">
      <subfield code="t">Het eigendomsrecht der Hervormde gemeenten en bepaaldelijk van de Engelsch-Presbyteriaansche gemeente te Rotterdam op de kerkelijke gebouwen bij haar in bezit en gebruik</subfield>
      <subfield code="w">(NL-LeOCL)426054318</subfield>
    </datafield>
    <datafield tag="936" ind1=" " ind2=" ">
      <subfield code="a">BATCHLOAD</subfield>
    </datafield>
  </record>